[Event "A test for fast phill"]
[Site "SchemingMind.com"]
[Date "2012.06.19"]
[Round "-"]
[White "Marc Wakeham"]
[Black "Apatchenlama"]
[Result "0-1"]
[WhiteCountry "WLS"]
[BlackCountry "GER"]
[WhiteElo "1641"]
[WhiteRD "71"]
[BlackElo "1940"]
[BlackRD "92"]
[GameID "312428"]

1. e4 e6 2. d4 d5 3. Nc3 Nf6 4. exd5 exd5 5. Bd3 Bd6 6. Bg5 c6 7. Qd2 Bg4 8. Nge2 Nbd7 9. O-O Qc7 10. Bf4 O-O
11. Bxd6 Qxd6 12. Ng3 g6 13. Rfe1 Nb6 14. Re3 Nc4 15. Qe1 Nxe3 16. fxe3 Rae8 17. h3 Bc8 18. Qd2 Qxg3 19. Qf2 Qxe3
0-1

[Event "A test for fast phill"]
[Site "SchemingMind.com"]
[Date "2012.06.20"]
[Round "-"]
[White "emvarela"]
[Black "Apatchenlama"]
[Result "0-1"]
[WhiteCountry "ARG"]
[BlackCountry "GER"]
[WhiteElo "1746"]
[WhiteRD "46"]
[BlackElo "1940"]
[BlackRD "92"]
[GameID "312429"]

1. e4 e6 2. d4 d5 3. Nc3 Nf6 4. e5 Nfd7 5. f4 c5 6. Nf3 Nc6 7. Be3 Qb6 8. Na4 Qa5+ 9. c3 cxd4 10. b4 Qd8
11. Nxd4 Nxd4 12. Bxd4 Be7 13. Bb5 Bh4+ 14. g3 Be7 15. Bc5 O-O 16. Bxe7 Qxe7 17. Bxd7 Bxd7 18. Qd4 Bxa4 19. Kf2 Rfc8 20. Rac1 Rc4
0-1

[Event "A test for fast phill"]
[Site "SchemingMind.com"]
[Date "2012.06.18"]
[Round "-"]
[White "Phillip Beckett"]
[Black "Apatchenlama"]
[Result "0-1"]
[WhiteCountry "ENG"]
[BlackCountry "GER"]
[WhiteElo "1561"]
[WhiteRD "46"]
[BlackElo "1940"]
[BlackRD "92"]
[GameID "312430"]

1. e4 e6 2. d4 d5 3. Nd2 Nf6 4. exd5 exd5 5. Ngf3 Bd6 6. Bd3 O-O 7. O-O b6 8. c3 Ba6 9. Bxa6 Nxa6 10. Re1 c5
11. dxc5 Nxc5 12. Nb3 Nce4 13. Nbd4 Qd7 14. Be3 Ng4 15. h3 Nxe3 16. Rxe3 Bf4 17. Re1 Rfe8 18. g3 Bd6 19. Kg2 b5 20. a3 a5
21. Nd2 f5 22. Nxe4 fxe4 23. Qg4 Qxg4 24. hxg4 b4 25. axb4 axb4 26. Nf5 Bc5 27. Nd4 Bxd4 28. cxd4 b3 29. f3 Ra2 30. fxe4 Rxa1
31. Rxa1 Rxe4 32. Ra3 Kf7 33. Rxb3 Rxd4 34. Rb7+ Kf6 35. b4 g5 36. b5 Rxg4 37. b6 Rb4 38. Rxh7 Ke5 39. b7 g4 40. Rh5+ Ke4
41. Rh7 Rb2+ 42. Kf1 Kf3 43. Ke1 Rb1+ 44. Kd2 Kxg3 45. Rd7 Kg2 46. Rg7 g3 47. Kd3 Kf3 48. Rf7+ Kg4 49. Rg7+ Kf5 50. Rxg3 Rxb7
51. Kd4 Rb5 52. Rf3+ Ke6 53. Re3+ Kd6 54. Ra3 Rb4+ 55. Kc3 Rh4 56. Ra6+ Ke5 57. Ra5 Rh3+ 58. Kd2 Ke4 59. Ra8 Rh2+ 60. Ke1 d4
61. Re8+ Kd3 62. Rd8 Rh1+ 63. Kf2 Kc3 64. Rc8+ Kd2 65. Rd8 d3 66. Kg2 Rh7 67. Kf2 Rf7+ 68. Kg2 Kc2 69. Rc8+ Kd1 70. Rd8 d2
71. Rd6 Rc7 72. Kf2 Kc2
0-1

[Event "A test for fast phill"]
[Site "SchemingMind.com"]
[Date "2012.06.20"]
[Round "-"]
[White "kibic"]
[Black "Apatchenlama"]
[Result "1-0"]
[WhiteCountry "INT"]
[BlackCountry "GER"]
[WhiteElo "2194"]
[WhiteRD "72"]
[BlackElo "1909"]
[BlackRD "100"]
[GameID "312431"]

1. d4 d5 2. Nf3 Nf6 3. Bf4 c5 4. dxc5 Nc6 5. Nbd2 Qa5 6. e3 Bg4 7. Be2 Ne4 8. c3 Qxc5 9. Nb3 Qb6 10. Qxd5 Nf6
11. Qb5 Qxb5 12. Bxb5 Bd7 13. Nc5 a6 14. Ba4 b5 15. Nxd7 Nxd7 16. Bc2 e5 17. Be4 exf4 18. Bxc6 O-O-O 19. exf4 Bc5 20. O-O f6
21. a4 b4 22. Rac1 Kb8 23. cxb4 Bxb4 24. Nd4 Nc5 25. Rc4 a5 26. Bf3 Rxd4 27. Rxd4 Nxa4 28. Rd7 Nxb2 29. Rb7+ Kc8 30. Rc1+
1-0

[Event "A test for fast phill"]
[Site "SchemingMind.com"]
[Date "2012.06.23"]
[Round "-"]
[White "kubinet"]
[Black "Apatchenlama"]
[Result "0-1"]
[WhiteCountry "GER"]
[BlackCountry "GER"]
[WhiteElo "1690"]
[WhiteRD "58"]
[BlackElo "1872"]
[BlackRD "77"]
[GameID "312433"]

1. e4 e6 2. d4 d5 3. Nc3 Nf6 4. Bg5 Be7 5. e5 Nfd7 6. Bxe7 Qxe7 7. Nce2 c5 8. c3 Nc6 9. Nf3 O-O 10. Ng3 cxd4
11. cxd4 f6 12. exf6 Nxf6 13. a3 Bd7 14. Bd3 e5 15. dxe5 Nxe5 16. O-O Bg4 17. Be2 Bxf3 18. Bxf3 Nxf3+ 19. Qxf3 Rac8 20. Rfe1 Qc5
21. h3 Ne4 22. Qe3 Qxe3 23. Rxe3 Nxg3 24. Rxg3 Rc2 25. f3 d4 26. b4 d3 27. Rg4 d2 28. Rd1 Rc1
0-1

[Event "A test for fast phill"]
[Site "SchemingMind.com"]
[Date "2012.06.20"]
[Round "-"]
[White "echecs"]
[Black "Marc Wakeham"]
[Result "0-1"]
[WhiteCountry "ENG"]
[BlackCountry "WLS"]
[WhiteElo "1816"]
[WhiteRD "68"]
[BlackElo "1641"]
[BlackRD "71"]
[GameID "312460"]

1. e4 d6 2. d4 Nf6 3. Nc3 g6 4. Nf3 Bg7 5. Be2 O-O 6. O-O c5 7. d5 Bg4 8. h3 Bxf3 9. Bxf3 Nfd7 10. Bd2 a6
11. Rb1 b5 12. a3 Ne5 13. Be2 b4 14. axb4 cxb4 15. Na4 a5 16. b3 Ned7 17. c3 bxc3 18. Bxc3 Na6 19. Bxg7 Kxg7 20. Qc2 Nac5
21. Nxc5 Nxc5 22. e5 Qb6 23. Qb2 Kg8 24. Kh1 Ne4 25. f4 Ng3+ 26. Kh2 Nxf1+ 27. Bxf1 Rfb8 28. Bc4 Qe3 29. g3 Rb4 30. Rd1 a4
31. Qa2 Qa7 32. Qd2 Qb6 33. e6 f6 34. f5 g5 35. Rb1 a3 36. Ra1 Qc5 37. Qe2 Qc8 38. h4 h6 39. Qh5 Qe8 40. Qxh6 Qf8
41. Qg6+ Qg7 42. Qxg7+ Kxg7 43. hxg5 fxg5 44. Kh3 Kf6 45. g4 Rh8+ 46. Kg3 Ra8 47. Ra2 Ke5 48. Kf3 Kd4 49. Ke2 Ra5 50. Kd2 Ke4
51. Kc3 Rb8 52. b4 Ra7 53. Kb3 Rba8 54. Kc3 Kf4 55. Rg2 a2 56. Bxa2 Rxa2 57. Rg1 Rc8+ 58. Kb3 Rd2 59. Rf1+ Kxg4 60. f6 exf6
61. Rxf6 Rxd5 62. e7 Re8 63. Re6 Kf5 64. Re1 Re5 65. Rd1 Ke6
0-1

[Event "A test for fast phill"]
[Site "SchemingMind.com"]
[Date "2012.06.20"]
[Round "-"]
[White "echecs"]
[Black "Apatchenlama"]
[Result "0-1"]
[WhiteCountry "ENG"]
[BlackCountry "GER"]
[WhiteElo "1816"]
[WhiteRD "68"]
[BlackElo "1940"]
[BlackRD "92"]
[GameID "312461"]

1. e4 e6 2. d4 d5 3. e5 c5 4. c3 Nc6 5. Nf3 Bd7 6. a3 Qb6 7. b4 cxd4 8. cxd4 Rc8 9. Be2 Nge7 10. Bb2 Nf5
11. O-O Be7 12. Qd3 O-O 13. Nbd2 f6 14. b5 Na5 15. a4 Be8 16. Bd1 Bg6 17. Nb3 Nc4 18. Qc3 Nce3 19. Qd2 Nxf1 20. Kxf1 Rc4
21. Be2 Bb4 22. Qd1 Rcc8 23. Ba3 Bxa3 24. Rxa3 fxe5 25. Nxe5 Ne3+ 26. Ke1 Nxd1 27. Bxd1 Qd6 28. Ra2 Qb4+ 29. Kf1 Rc3 30. Nd7 Bd3+
0-1

[Event "A test for fast phill"]
[Site "SchemingMind.com"]
[Date "2012.06.21"]
[Round "-"]
[White "echecs"]
[Black "emvarela"]
[Result "1/2-1/2"]
[WhiteCountry "ENG"]
[BlackCountry "ARG"]
[WhiteElo "1808"]
[WhiteRD "65"]
[BlackElo "1757"]
[BlackRD "48"]
[GameID "312462"]

1. e4 e5 2. Nf3 Nc6 3. Bc4 Nf6 4. Ng5 Bc5 5. O-O O-O 6. d3 d6 7. a3 Bg4 8. Qe1 Nd4 9. c3 Nc2 10. Qd2 Nxa1
11. b4 Bb6 12. h3 Bh5 13. a4 a5 14. b5 c6 15. Qb2 cxb5 16. Bxb5 h6 17. Nf3 Bxf3 18. gxf3 Nh5 19. Qxa1 Qh4 20. Kg2 Nf4+
21. Bxf4 exf4 22. Qb2 Qg5+ 23. Kh2 d5 24. Bd7 Qf6 25. e5 Qg6 26. d4 Ba7 27. Qxb7 Bxd4 28. cxd4 Rab8 29. Qxd5 Rxb1 30. Rxb1 Qxb1
31. Qxa5 Qb2 32. Qe1 Qxd4 33. e6 fxe6 34. Qxe6+ Kh8 35. Kg2 Qf6 36. Qg4 Qd6 37. Bf5 g5 38. Be4 Kg7 39. h4 Qf6 40. h5 Rf7
41. Qc8 Re7 42. Bg6 Qe6 43. Qc3+ Qe5 44. Qd2 Qe6 45. a5 Rd7 46. Qc3+ Kg8 47. Qc8+ Kg7 48. Be4 g4 49. Qc3+ Kf7 50. Bg6+ Kg8
51. Kh2 g3+ 52. fxg3 fxg3+ 53. Kxg3 Qd6+ 54. f4 Rc7 55. Qb3+ Kg7 56. Kg4 Qc5 57. Qb2+ Kg8 58. Qb8+ Kg7 59. Qb2+ Qc3 60. Qb5 Qc5
61. Qxc5 Rxc5 62. a6 Ra5= 63. Bd3 Kf6 64. Bc4 Ra3= 65. Be2 Ra5=
1/2-1/2

[Event "A test for fast phill"]
[Site "SchemingMind.com"]
[Date "2012.06.20"]
[Round "-"]
[White "echecs"]
[Black "Phillip Beckett"]
[Result "1-0"]
[WhiteCountry "ENG"]
[BlackCountry "ENG"]
[WhiteElo "1853"]
[WhiteRD "63"]
[BlackElo "1640"]
[BlackRD "50"]
[GameID "312463"]

1. e4 e5 2. Nf3 Nc6 3. Bc4 Nf6 4. Ng5 Bc5 5. Nxf7 Bxf2+ 6. Kf1 Qe7 7. Nxh8 d5 8. exd5 Nd4 9. d6 cxd6 10. c3 Bg4
11. Qa4+ Bd7 12. Qb4 Nc2 13. Qxb7 Rc8 14. Bb5 Bb6 15. Bxd7+ Qxd7 16. Qa6 Ke7 17. Na3 Nxa1 18. Ng6+ hxg6 19. d3 Nd5 20. Bg5+ Ke6
21. Ke2 Re8 22. Rxa1 Nf4+ 23. Bxf4 exf4 24. d4 Kf7+ 25. Kd2 Qg4 26. Qb7+ Re7 27. Qd5+ Qe6 28. Qxe6+ Rxe6 29. Rf1 g5 30. Nc4 g6
31. b4 d5 32. Ne5+ Kf6 33. a4 Bc7 34. Nd7+ Ke7 35. Nc5 Rc6 36. Ke2 Bd6 37. Kf3 Bxc5 38. dxc5 a5 39. Kg4 Kf6 40. Rd1 axb4
41. cxb4 Ra6 42. Rxd5 Rxa4 43. b5 Rb4 44. b6 Rb5 45. Rd6+ Ke7 46. Rxg6 Rxc5 47. b7 Rb5 48. Rxg5
1-0

[Event "A test for fast phill"]
[Site "SchemingMind.com"]
[Date "2012.06.20"]
[Round "-"]
[White "echecs"]
[Black "kibic"]
[Result "0-1"]
[WhiteCountry "ENG"]
[BlackCountry "INT"]
[WhiteElo "1850"]
[WhiteRD "67"]
[BlackElo "2194"]
[BlackRD "72"]
[GameID "312464"]

1. e4 e5 2. Nf3 Nc6 3. Bc4 Nf6 4. Ng5 d5 5. exd5 Na5 6. Bb5+ c6 7. dxc6 bxc6 8. Qf3 Be7 9. Bxc6+ Nxc6 10. Qxc6+ Bd7
11. Qc4 O-O 12. Nc3 Rc8 13. Qe2 h6 14. Nge4 Nxe4 15. Nxe4 Rxc2 16. O-O Bc6 17. Nc3 Qd4 18. Rd1 Bc5 19. a3 f5 20. Rf1 Rf6
21. Rb1 Rxc3 22. dxc3 Qd5 23. Qf3 Qxf3 24. gxf3 Rg6+ 25. Kh1 Bxf3#
0-1

[Event "A test for fast phill"]
[Site "SchemingMind.com"]
[Date "2012.06.24"]
[Round "-"]
[White "echecs"]
[Black "kubinet"]
[Result "1-0"]
[WhiteCountry "ENG"]
[BlackCountry "GER"]
[WhiteElo "1816"]
[WhiteRD "68"]
[BlackElo "1679"]
[BlackRD "61"]
[GameID "312466"]

1. e4 d5 2. exd5 Qxd5 3. Nc3 Qa5 4. d3 e5 5. Bd2 c6 6. Nf3 Bg4 7. Be2 Nd7 8. O-O Qc7 9. Ng5 Bxe2 10. Qxe2 h6
11. Nge4 Ngf6 12. f4 Be7 13. Rae1 O-O 14. Qf3 Rae8 15. Qg3 Nh5 16. Qg4 Nhf6 17. Qg3 Nd5 18. fxe5 Nxe5 19. Bxh6 Ng6 20. Qxc7 Nxc7
21. Be3 a6 22. a3 Ne6 23. Bd2 Nd4 24. Rc1 Ne5 25. Be3 Nf5 26. Rxf5
1-0

[Event "A test for fast phill"]
[Site "SchemingMind.com"]
[Date "2012.06.19"]
[Round "-"]
[White "Marc Wakeham"]
[Black "echecs"]
[Result "0-1"]
[WhiteCountry "WLS"]
[BlackCountry "ENG"]
[WhiteElo "1641"]
[WhiteRD "71"]
[BlackElo "1816"]
[BlackRD "68"]
[GameID "312467"]

1. e4 e5 2. Nf3 Nc6 3. d4 exd4 4. c3 dxc3 5. Nxc3 Bb4 6. Qb3 d6 7. Bc4 Bxc3+ 8. Qxc3 Nf6 9. O-O O-O 10. Bg5 Be6
11. Rad1 Qe7 12. Rfe1 h6 13. Bh4 g5 14. Bg3 Nh5 15. Nd4 Nxg3 16. Bxe6 Nxd4 17. Rxd4 fxe6 18. Qxg3 e5 19. Rd2 Qf6 20. Re3 Qf4
21. Qxf4 Rxf4 22. Rdd3 Raf8 23. f3 b6 24. g3 R4f7 25. Kg2 Kg7 26. Ra3 a5 27. Rab3 Rb8 28. a4 Kg6 29. Rbc3 Rb7 30. Rc6 h5
31. Rec3 Kf6 32. h3 Ke6 33. b3 Kd7 34. g4 hxg4 35. hxg4 Rh7 36. R3c4 Kd8 37. Rc3= b5 38. Ra6 bxa4 39. bxa4 Rb2+ 40. Kg3 Rhh2
41. Ra8+ Kd7 42. f4 exf4+ 43. Kf3 Rbf2#
0-1

[Event "A test for fast phill"]
[Site "SchemingMind.com"]
[Date "2012.06.19"]
[Round "-"]
[White "Apatchenlama"]
[Black "echecs"]
[Result "1-0"]
[WhiteCountry "GER"]
[BlackCountry "ENG"]
[WhiteElo "1872"]
[WhiteRD "77"]
[BlackElo "1780"]
[BlackRD "65"]
[GameID "312468"]

1. d4 g6 2. c4 Bg7 3. Nf3 d6 4. Nc3 Nf6 5. Bf4 O-O 6. e3 c6 7. b4 Bg4 8. Be2 b6 9. h3 Bf5 10. O-O Qc8
11. Rc1 Nh5 12. Bg5 h6 13. Bh4 Nf6 14. d5 g5 15. Bg3 c5 16. h4 g4 17. Ne1 h5 18. bxc5 Qxc5 19. Nb5 Ne4 20. Nd4 Bg6
21. Nd3 Qa3 22. Nb5 Qxa2 23. Nc7 Nd7 24. Nxa8 Nc3 25. Rxc3 Bxc3 26. Nc7 Qxc4 27. Ne6 fxe6 28. Nf4 Rxf4 29. Bxc4 Rxc4 30. dxe6 Nc5
31. Qd5 Re4 32. Qa8+ Kg7 33. Qxa7 Kf6 34. Qxb6 Kxe6 35. Rc1 Bb4 36. f3 gxf3 37. gxf3 Bd2 38. Rxc5 Rxe3 39. Kf2 Rd3 40. Re5+ Kf7
41. Re2 Bc3 42. Qb3+ d5 43. Qb7 Bf6 44. Kg2 Kg8 45. Qc8+ Kg7 46. Be5
1-0

[Event "A test for fast phill"]
[Site "SchemingMind.com"]
[Date "2012.06.20"]
[Round "-"]
[White "emvarela"]
[Black "echecs"]
[Result "0-1"]
[WhiteCountry "ARG"]
[BlackCountry "ENG"]
[WhiteElo "1717"]
[WhiteRD "50"]
[BlackElo "1780"]
[BlackRD "65"]
[GameID "312469"]

1. e4 e5 2. Nf3 Nc6 3. Bb5 a6 4. Bxc6 dxc6 5. O-O Bd6 6. d4 Bg4 7. dxe5 Bxf3 8. Qxf3 Bxe5 9. Nd2 Nf6 10. Nc4 Qe7
11. Nxe5 Qxe5 12. c3 O-O 13. Re1 Rfe8 14. Bf4 Qe7 15. Re3 Nxe4 16. Rae1 f5 17. Qh5 Qd7 18. Rd1 Qc8 19. f3 Nf6 20. Rxe8+ Qxe8
21. Qxf5 Nd5 22. Kf2 Qe7 23. Rxd5 cxd5 24. Qxd5+ Qf7 25. Qxf7+ Kxf7 26. Bxc7 Rc8 27. Bb6 Rc6 28. Bd4 Re6 29. g4 g6 30. h4 Rd6
31. a4 Rd5 32. b4 b5 33. axb5 axb5 34. Ke3 Ke6 35. f4 h5 36. g5 Kf5 37. Kf3 Rd8 38. Kg3 Ke4 39. Be5 Rd3+ 40. Kg2 Re3
41. Kh2 Kf5 42. Bd4 Rf3 43. Be5 Kg4 44. Kg2 Rd3 45. Kh2 Rd2+
0-1

[Event "A test for fast phill"]
[Site "SchemingMind.com"]
[Date "2012.06.19"]
[Round "-"]
[White "Phillip Beckett"]
[Black "echecs"]
[Result "0-1"]
[WhiteCountry "ENG"]
[BlackCountry "ENG"]
[WhiteElo "1640"]
[WhiteRD "50"]
[BlackElo "1853"]
[BlackRD "63"]
[GameID "312470"]

1. e4 e5 2. Nf3 Nc6 3. Bb5 a6 4. Bxc6 dxc6 5. d4 exd4 6. Qxd4 Qxd4 7. Nxd4 Nf6 8. Nd2 Bc5 9. N4b3 Bb4 10. c3 Bd6
11. Nc4 Nxe4 12. Nxd6+ Nxd6 13. Bf4 O-O 14. O-O-O Rd8 15. Bxd6 cxd6 16. Nc5 b6 17. Ne4 d5 18. Ng5 Bf5 19. h3 h6 20. Nf3 Be4
21. Ne1 a5 22. f3 Bf5 23. Nc2 Re8 24. Rde1 Bd7 25. Kd2 Re6 26. Rxe6 Bxe6 27. Nd4 Bd7 28. Re1 Kf8 29. g4 g6 30. f4 c5
31. Nf3 h5 32. Nh2 f6 33. Re3 hxg4 34. Nxg4 Kf7 35. Nf2 Rh8 36. Ng4 Be6 37. Ke2 Rh4 38. Rg3 Bxg4+ 39. hxg4 Rh2+ 40. Kd3 Rxb2
41. g5 Rxa2 42. gxf6 Ra4 43. Rg5 d4 44. cxd4 Rxd4+ 45. Ke3 Kxf6 46. Rg1 Rb4 47. Rd1 Ke6 48. Rg1 Kf5 49. Rg5+ Kf6 50. Rd5 a4
0-1

[Event "A test for fast phill"]
[Site "SchemingMind.com"]
[Date "2012.06.19"]
[Round "-"]
[White "kibic"]
[Black "echecs"]
[Result "1-0"]
[WhiteCountry "INT"]
[BlackCountry "ENG"]
[WhiteElo "2111"]
[WhiteRD "76"]
[BlackElo "1853"]
[BlackRD "63"]
[GameID "312471"]

1. e4 e5 2. Nf3 Nc6 3. Bb5 a6 4. Bxc6 dxc6 5. O-O Bg4 6. h3 h5 7. d3 Qf6 8. Nbd2 Ne7 9. Re1 Ng6 10. d4 Bd6
11. c4 Nf4 12. Qb3 O-O-O 13. dxe5 Bxe5 14. Nxe5 Qxe5 15. Nf3 Qe6 16. Bxf4 Bxh3 17. Ng5
1-0

[Event "A test for fast phill"]
[Site "SchemingMind.com"]
[Date "2012.06.24"]
[Round "-"]
[White "kubinet"]
[Black "echecs"]
[Result "1-0"]
[WhiteCountry "GER"]
[BlackCountry "ENG"]
[WhiteElo "1690"]
[WhiteRD "58"]
[BlackElo "1780"]
[BlackRD "65"]
[GameID "312473"]

1. e4 e5 2. Nf3 Nc6 3. Bb5 Nf6 4. O-O d6 5. c3 Bd7 6. d4 exd4 7. cxd4 Be7 8. Nc3 a6 9. Bd3 Bg4 10. Be3 O-O
11. h3 Bh5 12. Be2 Bg6 13. Nh4 Bxe4 14. Bd3 Bxd3 15. Qxd3 Nb4 16. Qd2 Nbd5 17. Nf5 Qd7 18. Nxe7+ Qxe7 19. Bg5 Qe6 20. Rfe1 Qf5
21. Re2 Rfe8 22. Rae1 Rxe2 23. Rxe2 Nxc3 24. bxc3 Qg6 25. Bh4 Rc8 26. Qf4 Nd5 27. Qf3 c6 28. Bg3 h6 29. a3 Rd8 30. c4 Nf6
31. Re7 Qb1+ 32. Kh2 d5 33. c5 Rf8 34. Bf4 Kh7 35. Be5 Qg6 36. Rxb7 Ne4 37. Ra7 Ng5 38. Qg3 f6 39. Bd6 Re8 40. f3 Qd3
41. h4 Ne6 42. Qg4 f5 43. Qg3 Qxa3 44. h5 Kh8 45. Be5 Ng5 46. Bxg7+ Kg8 47. Bxh6
1-0

[Event "A test for fast phill"]
[Site "SchemingMind.com"]
[Date "2012.06.20"]
[Round "-"]
[White "michalis"]
[Black "Marc Wakeham"]
[Result "1-0"]
[WhiteCountry "GRE"]
[BlackCountry "WLS"]
[WhiteElo "2043"]
[WhiteRD "103"]
[BlackElo "1641"]
[BlackRD "71"]
[GameID "312515"]

1. d4 g6 2. c4 Bg7 3. Nc3 d6 4. Nf3 Nf6 5. g3 Bd7 6. Bg2 O-O 7. O-O c5 8. d5 a6 9. a4 Bf5 10. Re1 Nbd7
11. e4 Bg4 12. h3 Bxf3 13. Bxf3 Ne5 14. Be2 Ne8 15. Be3 Nc7 16. Qb3 Rb8 17. a5 h6 18. Na4 Na8 19. f4 Nd7 20. Qd3 Qxa5
21. Nxc5 Qc7 22. Nxd7 Qxd7 23. f5 Nc7 24. Rab1 b5 25. b3 b4 26. Kg2 Ne8 27. fxg6 f6 28. Rf1 a5 29. Bg4 Qc7 30. Be6+ Kh8
31. Qd2
1-0

[Event "A test for fast phill"]
[Site "SchemingMind.com"]
[Date "2012.06.21"]
[Round "-"]
[White "michalis"]
[Black "echecs"]
[Result "1-0"]
[WhiteCountry "GRE"]
[BlackCountry "ENG"]
[WhiteElo "2062"]
[WhiteRD "100"]
[BlackElo "1850"]
[BlackRD "67"]
[GameID "312516"]

1. d4 g6 2. c4 Bg7 3. Nc3 d6 4. Nf3 Nf6 5. g3 c6 6. Bg2 O-O 7. O-O Nbd7 8. e4 b6 9. e5 dxe5 10. Nxe5 Nb8
11. Re1 Bb7 12. d5 cxd5 13. cxd5 Nbd7 14. Nc6 Bxc6 15. dxc6 Nc5 16. Qxd8 Raxd8 17. Rxe7 Ne6 18. Rxa7 Ng4 19. c7 Rc8 20. Nb5 Be5
21. h3 Nf6 22. Bh6 Rfe8 23. Bc6 Nxc7 24. Bxe8 Nxb5 25. Bxb5 Bxb2 26. Rd1 Be5 27. Bc6 Bb8 28. Re7
1-0

[Event "A test for fast phill"]
[Site "SchemingMind.com"]
[Date "2012.06.22"]
[Round "-"]
[White "michalis"]
[Black "Apatchenlama"]
[Result "1-0"]
[WhiteCountry "GRE"]
[BlackCountry "GER"]
[WhiteElo "2083"]
[WhiteRD "99"]
[BlackElo "1872"]
[BlackRD "77"]
[GameID "312517"]

1. d4 d5 2. c4 c6 3. Nc3 Nf6 4. e3 Bf5 5. Nf3 a6 6. Qb3 b5 7. c5 g6 8. Ne5 Qc8 9. Bd3 Bxd3 10. Nxd3 Bg7
11. O-O O-O 12. Bd2 Qc7 13. Rfe1 Ng4 14. g3 Nd7 15. h3 Ngf6 16. f4 Rad8 17. Qd1 Ne4 18. Nxe4 dxe4 19. Nf2 f5 20. g4 e6
21. g5 e5 22. dxe5 Nxc5 23. Qc2 Nd3 24. Nxd3 Rxd3 25. Qb3+ Kh8 26. Bc3 Rfd8 27. Rad1 c5 28. Rxd3 Rxd3 29. Qe6 Rd8 30. a3 a5
31. b4 Bf8 32. bxc5 Qxc5 33. Qf6+ Kg8 34. e6
1-0

[Event "A test for fast phill"]
[Site "SchemingMind.com"]
[Date "2012.06.21"]
[Round "-"]
[White "michalis"]
[Black "emvarela"]
[Result "1-0"]
[WhiteCountry "GRE"]
[BlackCountry "ARG"]
[WhiteElo "2062"]
[WhiteRD "100"]
[BlackElo "1743"]
[BlackRD "46"]
[GameID "312518"]

1. d4 Nf6 2. c4 e6 3. Nc3 Bb4 4. e3 O-O 5. Bd3 d5 6. Ne2 c5 7. cxd5 cxd4 8. exd4 Nxd5 9. O-O Nc6 10. Bc2 Re8
11. Qd3 Bxc3 12. Qxh7+ Kf8 13. bxc3 Qf6 14. Ba3+
1-0

[Event "A test for fast phill"]
[Site "SchemingMind.com"]
[Date "2012.06.20"]
[Round "-"]
[White "michalis"]
[Black "Phillip Beckett"]
[Result "1-0"]
[WhiteCountry "GRE"]
[BlackCountry "ENG"]
[WhiteElo "2036"]
[WhiteRD "101"]
[BlackElo "1640"]
[BlackRD "50"]
[GameID "312519"]

1. d4 d5 2. c4 e6 3. Nc3 Nf6 4. Bg5 Be7 5. e3 h6 6. Bh4 O-O 7. Nf3 Ne4 8. Bxe7 Qxe7 9. Rc1 Nxc3 10. Rxc3 c6
11. Bd3 dxc4 12. Bxc4 Nd7 13. O-O e5 14. Bb3 exd4 15. exd4 Nf6 16. Re1 Qd6 17. Ne5 Bf5 18. Nxf7 Rxf7 19. Bxf7+ Kxf7 20. Qb3+ Kf8
21. Qxb7 Rd8 22. Qxa7 Rd7 23. Qc5 Qxc5 24. Rxc5 Be4 25. f3 Bd5 26. b3 Ne8 27. Kf2 Bg8 28. Rxc6 Rxd4 29. Rc8 Bf7 30. a4 Rd2+
31. Re2 Rxe2+ 32. Kxe2 Ke7 33. a5 Kd7 34. Rc3 Nc7 35. b4 Nb5 36. Rc1 Nd4+ 37. Kd3 Nb5 38. a6 Nd6 39. a7
1-0

[Event "A test for fast phill"]
[Site "SchemingMind.com"]
[Date "2012.06.21"]
[Round "-"]
[White "michalis"]
[Black "kibic"]
[Result "1/2-1/2"]
[WhiteCountry "GRE"]
[BlackCountry "INT"]
[WhiteElo "2036"]
[WhiteRD "101"]
[BlackElo "2111"]
[BlackRD "76"]
[GameID "312520"]

1. d4 d5 2. c4 dxc4 3. e3 Be6 4. Nc3 Nf6 5. Nf3 Nc6 6. e4 Bg4 7. Bxc4 Bxf3 8. gxf3 Qxd4 9. Qb3 Ne5 10. Qxb7 Qxc4
11. Qxa8+ Kd7 12. Be3 Qd3 13. Ne2 Nxf3+ 14. Kf1 e6 15. Rc1 Bc5 16. Qxh8 Bxe3 17. fxe3 Nxe4 18. Qxg7 Nfd2+ 19. Ke1 Nf3+ 20. Kf1=
1/2-1/2

[Event "A test for fast phill"]
[Site "SchemingMind.com"]
[Date "2012.06.25"]
[Round "-"]
[White "michalis"]
[Black "kubinet"]
[Result "1-0"]
[WhiteCountry "GRE"]
[BlackCountry "GER"]
[WhiteElo "2083"]
[WhiteRD "99"]
[BlackElo "1690"]
[BlackRD "58"]
[GameID "312522"]

1. d4 d5 2. c4 e6 3. Nc3 Nf6 4. Bg5 Be7 5. e3 O-O 6. Nf3 h6 7. Bh4 c6 8. Bd3 dxc4 9. Bxc4 Nbd7 10. Rc1 Nd5
11. Bg3 N7f6 12. O-O Bd6 13. Bxd6 Qxd6 14. Ne5 a6 15. Bd3 Rd8 16. Ne4 Nxe4 17. Bxe4 Nf6 18. Bd3 Nd7 19. f4 Nf6 20. Rf3 Nd7
21. Rg3 Nxe5 22. fxe5 Qf8 23. Qf3 Kh8 24. Qe4 Qg8 25. Rf1 Rf8 26. Rf6 g6 27. Qh4 Qg7 28. Bxg6
1-0

[Event "A test for fast phill"]
[Site "SchemingMind.com"]
[Date "2012.06.21"]
[Round "-"]
[White "Marc Wakeham"]
[Black "michalis"]
[Result "1/2-1/2"]
[WhiteCountry "WLS"]
[BlackCountry "GRE"]
[WhiteElo "1641"]
[WhiteRD "71"]
[BlackElo "2043"]
[BlackRD "103"]
[GameID "312523"]

1. e4 c5 2. Nf3 d6 3. c3 Nf6 4. d3 Nc6 5. Bg5 e6 6. Be2 Be7 7. O-O O-O 8. Re1 h6 9. Bh4 e5 10. Bxf6 Bxf6
11. Nbd2 Be6 12. Nb3 b5 13. Rc1 Qb6 14. c4 bxc4 15. dxc4 Rfd8 16. Qc2 a5 17. a3 a4 18. Nbd2 Nd4 19. Nxd4 cxd4 20. Bd3 Bg5
21. Red1 Rab8 22. Rb1 Ra8 23. b4 axb3 24. Rxb3 Qc7 25. Rc1 Bd7 26. Qb2 Ba4 27. Rb4 Qa5 28. Rb1 Rdc8 29. Nf3 Bf6 30. Ne1 Bd7=
1/2-1/2

[Event "A test for fast phill"]
[Site "SchemingMind.com"]
[Date "2012.06.21"]
[Round "-"]
[White "echecs"]
[Black "michalis"]
[Result "0-1"]
[WhiteCountry "ENG"]
[BlackCountry "GRE"]
[WhiteElo "1780"]
[WhiteRD "65"]
[BlackElo "2083"]
[BlackRD "99"]
[GameID "312524"]

1. e4 c5 2. Nf3 d6 3. c3 Nf6 4. Qc2 Nc6 5. d4 cxd4 6. cxd4 d5 7. e5 Ne4 8. a3 Bf5 9. Bd3 e6 10. O-O Rc8
11. Nc3 Nxc3 12. Bxf5 Nb5 13. Bd3 Ncxd4 14. Bxb5+ Nxb5 15. Qb3 Qb6 16. Be3 Bc5 17. Bf4 O-O 18. Qd3 h6 19. b4 Be7 20. Be3 Qc6
21. Rfc1 Qd7 22. a4 Nc7 23. b5 Na8 24. h3 Nb6 25. Nd2 Rxc1+ 26. Rxc1 Nxa4 27. Bxa7 b6 28. Ra1 Qxa7 29. Qc2 Ra8 30. Qa2 Bc5
31. Nb3 Bb4 32. Nd4 Bc3 33. Nc6 Qc7 34. Rb1 Bxe5 35. Rb4 Ra5 36. Rxa4 Rxb5 37. Nxe5 Qxe5 38. g3 Qe1+ 39. Kg2 Rb1 40. Ra8+ Kh7
41. Qc2+ g6 42. g4 Qh1+ 43. Kg3 Rg1+ 44. Kf4 Qxh3 45. Qc8 Qh2+ 46. Kf3 Qg2+ 47. Ke3 Re1+ 48. Kd3 Qe4+ 49. Kd2 Re2+ 50. Kc1 Qh1#
0-1

[Event "A test for fast phill"]
[Site "SchemingMind.com"]
[Date "2012.06.22"]
[Round "-"]
[White "Apatchenlama"]
[Black "michalis"]
[Result "0-1"]
[WhiteCountry "GER"]
[BlackCountry "GRE"]
[WhiteElo "1876"]
[WhiteRD "74"]
[BlackElo "2096"]
[BlackRD "101"]
[GameID "312525"]

1. Nf3 Nf6 2. d4 g6 3. c4 Bg7 4. Nc3 d5 5. g3 O-O 6. cxd5 Nxd5 7. Bg2 c5 8. O-O Nxc3 9. bxc3 Nc6 10. Bb2 Qb6
11. Rb1 Bf5 12. dxc5 Qxc5 13. Rc1 Rad8 14. Qb3 Na5 15. Qa3 Qxa3 16. Bxa3 Rfe8 17. Bc5 b6 18. Bd4 e5 19. Be3 Nc4 20. Bg5 f6
21. Be3 Nxe3 22. fxe3 Bh6 23. Kf2 Be6 24. Rc2 Bf8 25. c4 Bc5 26. Nd2 f5 27. Nb3 Bb4 28. c5 Bxb3 29. axb3 Bxc5 30. Ra1 a5
31. Rac1 Kg7 32. Bc6 Rf8 33. Rxc5 bxc5 34. Rxc5 Rc8 35. Rc4 e4 36. Ke1 Rfd8 37. Bb5 Rxc4 38. Bxc4 Kf6 39. h3 Ke5 40. h4 Rc8
41. Kd2 Rxc4 42. bxc4 Kd6
0-1